[Event "Hamar op B"]
[Site "Hamar"]
[Date "2014.10.16"]
[Round "4"]
[White "Ruud, Tobias Frisvold"]
[Black "Bjortomt, Erling"]
[Result "1-0"]
[WhiteElo "1357"]
[BlackElo "1250"]
[PlyCount "55"]
[EventDate "2014.09.04"]
[EventType "swiss"]
[EventRounds "9"]
[EventCountry "NOR"]
[SourceTitle "EXT 2024"]
[Source "ChessBase"]
[SourceDate "2023.10.10"]
[SourceVersion "1"]
[SourceVersionDate "2023.10.10"]
[SourceQuality "1"]

1. d4 Nf6 2. Nf3 d5 3. Bf4 e6 4. e3 a6 5. Bd3 b6 6. Nbd2 Bb7 7. Qe2 c5 8. c3 Nc6 9. Rc1 c4 10. Bc2 Bd6 11. Bg3 Bxg3 12. hxg3 h6 13. Ne5 Nxe5 14. dxe5 Ne4 15. Nxe4 dxe4 16. Qg4 Kf8 17. Rd1 Qc7 18. Bxe4 Bxe4 19. Qxe4 Ke7 20. Ke2 b5 21. Rd6 a5 22. Rhd1 Rad8 23. f4 g5 24. f5 f6 25. exf6+ Kxf6 26. Qxe6+ Kg7 27. Qg6+ Kf8 28. Rxd8+ 1-0

[Event "Hamar op B"]
[Site "Hamar"]
[Date "2014.09.18"]
[Round "2"]
[White "Ruud, Tobias Frisvold"]
[Black "Slettmoen, Markus"]
[Result "1/2-1/2"]
[WhiteElo "1357"]
[BlackElo "955"]
[PlyCount "22"]
[EventDate "2014.09.04"]
[EventType "swiss"]
[EventRounds "9"]
[EventCountry "NOR"]
[SourceTitle "EXT 2024"]
[Source "ChessBase"]
[SourceDate "2023.10.10"]
[SourceVersion "1"]
[SourceVersionDate "2023.10.10"]
[SourceQuality "1"]

1. c4 e5 2. Nc3 Nc6 3. d3 Bb4 4. e4 d6 5. Nge2 Nf6 6. g3 Bc5 7. Be3 Bxe3 8. fxe3 Ng4 9. Nd5 Be6 10. Qd2 f6 11. Bg2 0-0 1/2-1/2

[Event "Hamar op B"]
[Site "Hamar"]
[Date "2014.09.04"]
[Round "1"]
[White "Reigstad, Erlend"]
[Black "Ruud, Tobias Frisvold"]
[Result "0-1"]
[WhiteElo "1095"]
[BlackElo "1357"]
[PlyCount "32"]
[EventDate "2014.09.04"]
[EventType "swiss"]
[EventRounds "9"]
[EventCountry "NOR"]
[SourceTitle "EXT 2024"]
[Source "ChessBase"]
[SourceDate "2023.10.10"]
[SourceVersion "1"]
[SourceVersionDate "2023.10.10"]
[SourceQuality "1"]

1. Nf3 Nf6 2. Nc3 d5 3. d4 Bf5 4. Bf4 e6 5. a3 Bd6 6. Bxd6 cxd6 7. e3 Nc6 8. Be2 0-0 9. 0-0 Rc8 10. Nh4 Bg6 11. Nxg6 hxg6 12. Nb1 e5 13. c3 Qb6 14. Qc2 exd4 15. exd4 Nxd4 16. Qd2 Nb3 0-1

[Event "Hamar CC-ch"]
[Site "Hamar"]
[Date "2014.03.06"]
[Round "5"]
[White "Ruud, Tobias Frisvold"]
[Black "Glaso, Einar Elfinn"]
[Result "1-0"]
[WhiteElo "1231"]
[BlackElo "1189"]
[PlyCount "99"]
[EventDate "2014.01.09"]
[EventType "swiss"]
[EventRounds "9"]
[EventCountry "NOR"]
[SourceTitle "EXT 2024"]
[Source "ChessBase"]
[SourceDate "2023.10.10"]
[SourceVersion "1"]
[SourceVersionDate "2023.10.10"]
[SourceQuality "1"]

1. e4 c6 2. d4 d5 3. Nc3 Nf6 4. e5 Ne4 5. Bd3 Nxc3 6. bxc3 e6 7. f4 g6 8. Nf3 Bg7 9. Ba3 b6 10. Bd6 f5 11. 0-0 h6 12. Qe1 g5 13. Qg3 g4 14. Qh4 Qxh4 15. Nxh4 Kf7 16. Be2 Bf8 17. Bxf8 Rxf8 18. h3 h5 19. g3 Ba6 20. Rae1 Bb5 21. Kf2 Nd7 22. hxg4 hxg4 23. Bxb5 cxb5 24. Rh1 Rh8 25. Nxf5 Rxh1 26. Nd6+ Kg7 27. Rxh1 a6 28. Rh4 Ra7 29. Rxg4+ Kh7 30. Rh4+ Kg8 31. Ke3 Rc7 32. Kd3 Nf8 33. Rh2 Rg7 34. Rg2 Ng6 35. Ke3 Rc7 36. Kd2 Rg7 37. Ne8 Re7 38. Nf6+ Kf8 39. Rf2 Rg7 40. g4 Nh4 41. f5 Ke7 42. Nxd5+ Kf7 43. Nf6 exf5 44. gxf5 Rg3 45. Ne4 Rg4 46. Nd6+ Kf8 47. f6 Rg5 48. e6 Ng6 49. Rh2 Rd5 50. Rh8+ 1-0

[Event "Hamar op"]
[Site "Hamar"]
[Date "2013.11.21"]
[Round "6"]
[White "Soberg, Anders"]
[Black "Ruud, Tobias Frisvold"]
[Result "1/2-1/2"]
[WhiteElo "961"]
[BlackElo "1023"]
[PlyCount "27"]
[EventDate "2013.08.29"]
[EventType "swiss"]
[EventRounds "7"]
[EventCountry "NOR"]
[SourceTitle "EXT 2024"]
[Source "ChessBase"]
[SourceDate "2023.10.10"]
[SourceVersion "1"]
[SourceVersionDate "2023.10.10"]
[SourceQuality "1"]

1. d4 Nf6 2. c4 e6 3. Nf3 g6 4. Nc3 d5 5. e3 Bg7 6. Be2 0-0 7. 0-0 c6 8. Bd2 Nbd7 9. c5 Re8 10. Re1 e5 11. h3 e4 12. Nh2 b6 13. b4 Nf8 14. Ng4 1/2-1/2

[Event "NOR-ch U12"]
[Site "Lillehammer"]
[Date "2013.06.29"]
[Round "2"]
[White "Ruud, Tobias Frisvold"]
[Black "Forsaa, Regine"]
[Result "1/2-1/2"]
[WhiteElo "941"]
[BlackElo "1183"]
[PlyCount "25"]
[EventDate "2013.06.29"]
[EventType "swiss"]
[EventRounds "9"]
[EventCountry "NOR"]
[SourceTitle "EXT 2017"]
[Source "ChessBase"]
[SourceDate "2016.10.25"]
[SourceVersion "1"]
[SourceVersionDate "2016.10.25"]
[SourceQuality "1"]

1. d4 d5 2. c4 e6 3. e3 Nf6 4. Nc3 Be7 5. Nf3 b6 6. b3 Bb7 7. Bb2 0-0 8. Be2 c5 9. 0-0 Nbd7 10. Rc1 h6 11. h3 Re8 12. Re1 Nb8 13. Ba3 1/2-1/2

[Event "Hamar CC-ch"]
[Site "Hamar"]
[Date "2013.04.04"]
[Round "7"]
[White "Ruud, Tobias Frisvold"]
[Black "Reigstad, Erlend"]
[Result "0-1"]
[WhiteElo "909"]
[BlackElo "803"]
[PlyCount "58"]
[EventDate "2013.01.03"]
[EventType "swiss"]
[EventRounds "9"]
[EventCountry "NOR"]
[SourceTitle "EXT 2024"]
[Source "ChessBase"]
[SourceDate "2023.10.10"]
[SourceVersion "1"]
[SourceVersionDate "2023.10.10"]
[SourceQuality "1"]

1. e4 c5 2. Nf3 Nc6 3. b3 e5 4. Bb2 Qe7 5. d3 Nf6 6. Be2 d5 7. Nbd2 d4 8. c3 g6 9. Qc2 Bg7 10. Nc4 b5 11. Ncd2 0-0 12. 0-0 Bb7 13. Rac1 Rac8 14. Nh4 dxc3 15. Bxc3 Nd4 16. Bxd4 cxd4 17. Qb2 Nxe4 18. Nxg6 fxg6 19. Nxe4 Bxe4 20. dxe4 Bh6 21. Rxc8 Rxc8 22. Bxb5 Kh8 23. Bc4 Qb4 24. f4 Rxc4 25. fxe5 Rc8 26. Rd1 Be3+ 27. Kh1 Qc3 28. Qe2 Qc1 29. e6 Kg7 0-1

[Event "Hamar CC-ch"]
[Site "Hamar"]
[Date "2013.02.07"]
[Round "3"]
[White "Ruud, Tobias Frisvold"]
[Black "Tostibakken, Odd N"]
[Result "0-1"]
[WhiteElo "909"]
[BlackElo "1050"]
[PlyCount "74"]
[EventDate "2013.01.03"]
[EventType "swiss"]
[EventRounds "9"]
[EventCountry "NOR"]
[SourceTitle "EXT 2024"]
[Source "ChessBase"]
[SourceDate "2023.10.10"]
[SourceVersion "1"]
[SourceVersionDate "2023.10.10"]
[SourceQuality "1"]

1. e4 e5 2. Nf3 Nc6 3. Bb5 a6 4. Bxc6 dxc6 5. Nc3 Bg4 6. h3 Bxf3 7. Qxf3 Nf6 8. d3 Bb4 9. Bd2 0-0 10. 0-0 b5 11. a3 Bd6 12. Qg3 Nh5 13. Qg4 Nf6 14. Qh4 Nd7 15. Qxd8 Raxd8 16. f4 exf4 17. Bxf4 a5 18. d4 Bxf4 19. Rxf4 Nf6 20. Rd1 Rfe8 21. e5 Nd5 22. Rf3 b4 23. Ne4 h6 24. c3 f6 25. Rf5 Ne3 26. Rdf1 Nxf1 27. Kxf1 fxe5 28. dxe5 Rf8 29. Rxf8+ Rxf8+ 30. Ke2 Re8 31. Kd3 Rxe5 32. Kd4 bxc3 33. Nxc3 Rb5 34. Kc4 Rxb2 35. g4 Rh2 36. Kc5 Rxh3 37. Kxc6 Rxc3+ 0-1

[Event "Hamar-ch A"]
[Site "Hamar"]
[Date "2012.12.06"]
[Round "7"]
[White "Brobakken, Sindre"]
[Black "Ruud, Tobias Frisvold"]
[Result "1-0"]
[WhiteElo "1424"]
[BlackElo "906"]
[PlyCount "67"]
[EventDate "2012.09.06"]
[EventType "swiss"]
[EventRounds "7"]
[EventCountry "NOR"]
[SourceTitle "EXT 2024"]
[Source "ChessBase"]
[SourceDate "2023.10.10"]
[SourceVersion "1"]
[SourceVersionDate "2023.10.10"]
[SourceQuality "1"]

1. Nf3 Nc6 2. d4 e6 3. c4 Nge7 4. Nc3 d5 5. Bf4 g6 6. e3 Bg7 7. Bd3 0-0 8. 0-0 f6 9. cxd5 Nxd5 10. Nxd5 exd5 11. Qb3 b6 12. Be4 Ne7 13. Rac1 c6 14. Rfe1 Bf5 15. Bxf5 Nxf5 16. Rxc6 Ne7 17. Rc2 Rc8 18. Rec1 Qd7 19. Rc7 Rxc7 20. Rxc7 Qe6 21. Qa3 Nf5 22. Qxa7 Qe4 23. h3 h5 24. Nh4 g5 25. Nxf5 Qxf5 26. Rxg7+ Kh8 27. Bd6 Rd8 28. Re7 g4 29. hxg4 hxg4 30. Qc7 Ra8 31. Qb7 Rg8 32. Re5 Qg6 33. Rxd5 g3 34. Bxg3 1-0

[Event "Hamar-ch A"]
[Site "Hamar"]
[Date "2012.11.15"]
[Round "6"]
[White "Ruud, Tobias Frisvold"]
[Black "Eriksen, Leander"]
[Result "1-0"]
[WhiteElo "906"]
[BlackElo "676"]
[PlyCount "55"]
[EventDate "2012.09.06"]
[EventType "swiss"]
[EventRounds "7"]
[EventCountry "NOR"]
[SourceTitle "EXT 2024"]
[Source "ChessBase"]
[SourceDate "2023.10.10"]
[SourceVersion "1"]
[SourceVersionDate "2023.10.10"]
[SourceQuality "1"]

1. e4 e5 2. Nf3 Nc6 3. Bb5 b6 4. Bxc6 dxc6 5. 0-0 Ba6 6. d3 Nf6 7. Be3 Qd6 8. Qd2 0-0-0 9. Rd1 Ng4 10. h3 Nxe3 11. Qxe3 Be7 12. Qd2 h5 13. c4 g6 14. Nc3 Bf8 15. a3 Bh6 16. Qc2 Rde8 17. b4 Re6 18. b5 cxb5 19. cxb5 Bb7 20. Nd5 Bxd5 21. exd5 Qxd5 22. Qc4 Qd7 23. a4 Rf6 24. a5 Rxf3 25. gxf3 Qxh3 26. axb6 axb6 27. Ra8+ Kb7 28. Qc6# 1-0

[Event "Hamar-ch A"]
[Site "Hamar"]
[Date "2012.09.20"]
[Round "2"]
[White "Ruud, Tobias Frisvold"]
[Black "Slettmoen, Markus"]
[Result "1-0"]
[WhiteElo "906"]
[BlackElo "761"]
[PlyCount "143"]
[EventDate "2012.09.06"]
[EventType "swiss"]
[EventRounds "7"]
[EventCountry "NOR"]
[SourceTitle "EXT 2024"]
[Source "ChessBase"]
[SourceDate "2023.10.10"]
[SourceVersion "1"]
[SourceVersionDate "2023.10.10"]
[SourceQuality "1"]

1. e4 e6 2. d4 d5 3. e5 Nc6 4. Nf3 Nge7 5. Bb5 Bd7 6. Bxc6 Bxc6 7. c3 Nf5 8. 0-0 Be7 9. Qe1 0-0 10. Qe2 a6 11. a4 Nh4 12. Be3 Nxf3+ 13. Qxf3 Bg5 14. Nd2 Bxe3 15. Qxe3 h6 16. b3 Qg5 17. Qxg5 hxg5 18. Nf3 g4 19. Nh4 f6 20. f4 gxf3 21. Nxf3 fxe5 22. Nxe5 Rxf1+ 23. Rxf1 Be8 24. g4 Kh7 25. Rf8 g6 26. h4 Kg7 27. Rf3 Kh6 28. Kg2 g5 29. h5 b5 30. a5 Rc8 31. b4 c6 32. Rf6+ Kh7 33. Rxe6 Kg8 34. Ng6 Bf7 35. Ne7+ Kf8 36. Re5 Rc7 37. Nf5 Rc8 38. Nd6 Rd8 39. Nxf7 Kxf7 40. Rxg5 Kf6 41. Rg6+ Kf7 42. Rxc6 Rg8 43. Kf3 Ra8 44. g5 Kg7 45. Kf4 Rf8+ 46. Rf6 Rxf6+ 47. gxf6+ Kxf6 48. h6 Kg6 49. Ke5 Kxh6 50. Kxd5 Kg5 51. Ke6 Kf4 52. d5 Ke4 53. d6 Kd3 54. d7 Kxc3 55. d8Q Kxb4 56. Qb6 Ka4 57. Qxa6 b4 58. Qb6 Ka3 59. a6 b3 60. a7 Ka2 61. Qxb3+ Kxb3 62. a8R Kb4 63. Rc8 Kb3 64. Kd5 Kb4 65. Rc7 Kb3 66. Kd4 Kb2 67. Kd3 Kb1 68. Kd2 Kb2 69. Rb7+ Ka2 70. Kc3 Ka1 71. Kc2 Ka2 72. Ra7# 1-0

[Event "Hedmark & Oppland Region-ch"]
[Site "Hamar"]
[Date "2012.05.12"]
[Round "3"]
[White "Ruud, Tobias Frisvold"]
[Black "Eriksen, Leander"]
[Result "1-0"]
[WhiteElo "890"]
[BlackElo "642"]
[PlyCount "45"]
[EventDate "2012.05.12"]
[EventType "swiss"]
[EventRounds "5"]
[EventCountry "NOR"]
[SourceTitle "EXT 2024"]
[Source "ChessBase"]
[SourceDate "2023.10.10"]
[SourceVersion "1"]
[SourceVersionDate "2023.10.10"]
[SourceQuality "1"]

1. d4 d5 2. g3 Nc6 3. Bg2 Nf6 4. e3 g6 5. Ne2 Bg7 6. 0-0 0-0 7. b3 Bf5 8. Bb2 Nb4 9. Na3 Nxc2 10. Nxc2 Be4 11. f3 Bf5 12. Nf4 Qd7 13. Re1 Qc6 14. Nb4 Qb5 15. Nbd3 Qd7 16. Nf2 Bh6 17. N2d3 Qe6 18. e4 dxe4 19. fxe4 Bg4 20. Qc2 c6 21. Qc3 Nh5 22. d5 cxd5 23. Qh8# 1-0

[Event "Hamar CC-ch B"]
[Site "Hamar"]
[Date "2012.02.16"]
[Round "4"]
[White "Haukenes, Jonas"]
[Black "Ruud, Tobias Frisvold"]
[Result "1/2-1/2"]
[WhiteElo "753"]
[BlackElo "890"]
[PlyCount "89"]
[EventDate "2012.01.05"]
[EventType "swiss"]
[EventRounds "9"]
[EventCountry "NOR"]
[SourceTitle "EXT 2024"]
[Source "ChessBase"]
[SourceDate "2023.10.10"]
[SourceVersion "1"]
[SourceVersionDate "2023.10.10"]
[SourceQuality "1"]

1. Nf3 d5 2. g3 c5 3. Bg2 Nc6 4. 0-0 Nf6 5. d3 e6 6. Nbd2 b6 7. b3 Bb7 8. Bb2 Be7 9. Re1 0-0 10. e4 Qc7 11. c4 d4 12. Ng5 h6 13. Ngf3 Ne5 14. Nxe5 Qxe5 15. Nf3 Qc7 16. e5 Nd7 17. Bc1 Bxf3 18. Bxf3 Rad8 19. Bf4 g5 20. Bc1 Nxe5 21. Bg2 Ng6 22. Be4 f5 23. Bg2 Rf6 24. Qh5 Kg7 25. f4 gxf4 26. Bxf4 Nxf4 27. gxf4 Qxf4 28. Qh3 Rg6 29. Kh1 Qh4 30. Qxh4 Bxh4 31. Re2 Re8 32. Bc6 Re7 33. Bf3 Bg5 34. a4 Be3 35. Bc6 Kf6 36. Bf3 Reg7 37. Ree1 Bf2 38. Rf1 Be3 39. Bh5 Rg5 40. Bf3 f4 41. Be4 e5 42. Rae1 h5 43. Bf3 a6 44. Bc6 a5 45. Bf3 1/2-1/2